Normal view MARC view
  • México

Entry Nombre Geográfico

Number of records used in: 3

001 - NÚMERO DE CONTROL

  • campo de control: 12504

003 - IDENTIFICADOR DE NUMERO DE CONTROL

  • campo de control: MX-MxUPN

005 - FECHA Y HORA DE LA ÜLTIMA TRANSACCIÓN

  • campo de control: 20251202120543.0

008 - DATOS DE LONGITUD FIJA

  • campo de control de longitud fija: 251202n| fcnnnbabn | ana |d

035 ## - NÚMERO DE CONTROL

  • Número de control: UPN10000012511

040 ## - FUENTE DE CATALOGACIÓN

  • Agencia de catalogación original: MX-MxUPN
  • Lenguaje de catalogación: spa
  • Agencia de transcripción: MX-MxUPN

151 ## - ENCABEZAMIENTO - NOMBRE GEOGRÁFICO

  • Nombre geográfico: México
  • Subdivisión general : Historia
  • Subdivisión cronológica : 1876-1910

670 ## - FUENTE EN LA QUE SE LOCALIZARON DATOS

  • Cita de la fuente: E
  • Información localizada: México - Historia - 1910-1946

902 ## - CATALOGADOR

  • Catalogador: CAA/220609